[Event "Nord-Est"]
[Site "?"]
[Date "2017.03.26"]
[Round "3"]
[White "Laoussing, Mathis"]
[Black "Leccia, Antoine"]
[Result "1-0"]
[WhiteElo "1285"]
[BlackElo "1399"]
[PlyCount "127"]
[EventDate "2017.03.26"]
[SourceDate "2017.03.26"]

1. d3 d5 2. Nd2 Nc6 3. e4 Nf6 4. g3 dxe4 5. dxe4 g6 6. Bg2 Bg7 7. Qe2 Nd4 8.
Qc4 Be6 9. Qc3 Nc6 10. Ngf3 O-O 11. O-O Nxe4 12. Qe3 Nxd2 13. Bxd2 Bd4 14. Nxd4
Qxd4 15. Qxd4 Nxd4 16. Rfe1 Nxc2 17. Rxe6 Nxa1 18. Re1 Nc2 19. Rc1 Nd4 20. Rxc7
Rab8 21. Be3 Ne6 22. Rxe7 Rfe8 23. Rd7 a6 24. b3 b5 25. Ra7 Rec8 26. Rxa6 Nc5
27. Ra7 Ne6 28. h4 b4 29. Kh2 h5 30. Bd5 Re8 31. Kg2 Rbc8 32. Kf3 Rc7 33. Ra6
Rcc8 34. Ra7 Red8 35. Ke4 Rc7 36. Ra6 Re8 37. Rb6 Nc5+ 38. Kd4 Ne6+ 39. Bxe6
Rxe6 40. Rxb4 f5 41. Kd5 Kf7 42. Rb6 Rd7+ 43. Kc5 Rc7+ 44. Kb4 Re4+ 45. Ka5
Ra7+ 46. Ra6 Rae7 47. b4 R4e5+ 48. b5 Rb7 49. a4 Ke8 50. Rxg6 Kd7 51. Rg7+ Kc8
52. Rg8+ Kd7 53. Ra8 f4 54. gxf4 Rf5 55. Ra7 Rxa7+ 56. Bxa7 Kc8 57. Ka6 Rxf4
58. a5 Rf6+ 59. b6 Re6 60. Kb5 Re5+ 61. Kc6 Re6+ 62. Kd5 Re1 63. a6 Rd1+ 64.
Ke4 1-0

[Event "Nord-Est"]
[Site "?"]
[Date "2017.03.26"]
[Round "3"]
[White "Triton, Maxime"]
[Black "Larmet, Nino"]
[Result "1-0"]
[WhiteElo "1644"]
[BlackElo "1485"]
[PlyCount "93"]
[EventDate "2017.03.26"]
[SourceDate "2017.03.26"]

1. e4 d6 2. d4 Nf6 3. Nc3 g6 4. Be3 c6 5. f3 b5 6. a3 Bb7 7. Qd2 a6 8. g4 h5 9.
g5 Nfd7 10. Nge2 Bg7 11. Bg2 Nb6 12. b3 N8d7 13. f4 c5 14. Rd1 c4 15. b4 e6 16.
O-O d5 17. f5 gxf5 18. exf5 exf5 19. Rxf5 Nf8 20. Rdf1 Qd7 21. Rxf7 Qxf7 22.
Rxf7 Kxf7 23. Nf4 Rd8 24. Qf2 Ke7 25. Qh4 Rd6 26. Qg3 Kd7 27. Nxh5 Ne6 28. Nxg7
Nxg7 29. Bf4 Rg6 30. Qg4+ Ne6 31. Qf5 Rhg8 32. Nxd5 Nxd5 33. Bxd5 Bxd5 34.
Qxd5+ Ke8 35. Qc6+ Kd8 36. Qd6+ Ke8 37. Qc6+ Kd8 38. Qd6+ Ke8 39. h4 Nxf4 40.
Qxf4 Kd7 41. Kg2 Ke7 42. Kg3 Kd7 43. Kg4 Ke6 44. Qf5+ Ke7 45. h5 Rxg5+ 46.
Qxg5+ Rxg5+ 47. Kxg5 1-0

[Event "Nord-Est"]
[Site "?"]
[Date "2017.04.02"]
[Round "4"]
[White "Travers, Mathieu"]
[Black "Alfonsi, Romain"]
[Result "0-1"]
[WhiteElo "1099"]
[BlackElo "1160"]
[PlyCount "36"]
[EventDate "2017.03.26"]
[SourceDate "2017.03.26"]

1. e4 e5 2. Nc3 Nf6 3. Nf3 Nc6 4. Bc4 Bb4 5. Na4 Nxe4 6. O-O a6 7. d3 Nd6 8.
Bg5 f6 9. Bh4 b5 10. Bd5 bxa4 11. a3 Bc5 12. Bxc6 dxc6 13. Nxe5 O-O 14. Nxc6
Qe8 15. Qf3 Bb7 16. b4 Bxc6 17. Qd1 Qg6 18. h3 Qxg2# 0-1

[Event "Nord-Est"]
[Site "?"]
[Date "2017.04.02"]
[Round "4"]
[White "Rebut, Paul"]
[Black "Hoareau-Fontaine, Clément"]
[Result "1-0"]
[WhiteElo "1122"]
[BlackElo "1099"]
[PlyCount "40"]
[EventDate "2017.03.26"]
[SourceDate "2017.03.26"]

1. e4 e5 2. Nf3 Nc6 3. Bc4 Nf6 4. Ng5 d5 5. exd5 Nxd5 6. Nxf7 Kxf7 7. Qf3+ Ke8
8. Bxd5 Qd7 9. O-O Nd4 10. Qe4 Bd6 11. Re1 Qe7 12. Nc3 c6 13. b3 Be6 14. Bxe6
Qxe6 15. Qxd4 Rd8 16. Qxa7 Qf7 17. Bb2 Rb8 18. Ne4 Kd8 19. Nxd6 Qf6 20. Bxe5
Qh4 1-0

[Event "Nord-Est"]
[Site "?"]
[Date "2017.04.02"]
[Round "4"]
[White "Grondin, Elisa"]
[Black "Philips, Liam"]
[Result "1-0"]
[WhiteElo "1110"]
[BlackElo "1009"]
[PlyCount "25"]
[EventDate "2017.03.26"]
[SourceDate "2017.03.26"]

1. e4 e5 2. Nf3 Bb4 3. Bc4 Nf6 4. a3 Ba5 5. b4 Bb6 6. Nc3 Nxe4 7. Nxe4 O-O 8.
Bb2 Qe7 9. O-O Qe8 10. d4 exd4 11. Nxd4 Bxd4 12. Qxd4 d5 13. Qxg7# 1-0

[Event "Nord-Est"]
[Site "?"]
[Date "2017.04.02"]
[Round "4"]
[White "Vanwaescappel, Simon"]
[Black "Carballar, Alexandre"]
[Result "0-1"]
[WhiteElo "1009"]
[BlackElo "1116"]
[PlyCount "30"]
[EventDate "2017.03.26"]
[SourceDate "2017.03.26"]

1. e4 e5 2. Nf3 Nf6 3. Bc4 Bc5 4. Nxe5 O-O 5. Nxf7 Rxf7 6. Bxf7+ Kxf7 7. Qe2
Nc6 8. Qc4+ Kf8 9. Qxc5+ d6 10. Qa3 Nxe4 11. Qf3+ Nf6 12. Nc3 Qe7+ 13. Kd1 Bg4
14. Qxg4 Nxg4 15. f3 Nf2# 0-1

[Event "Nord-Est"]
[Site "?"]
[Date "2017.04.02"]
[Round "4"]
[White "Larmet, Nino"]
[Black "Sandjivy, Jean-Marc"]
[Result "1-0"]
[WhiteElo "1485"]
[BlackElo "1292"]
[PlyCount "39"]
[EventDate "2017.03.26"]
[SourceDate "2017.03.26"]

1. e4 c5 2. Nc3 Nc6 3. f4 e5 4. d3 Bd6 5. f5 Be7 6. Nf3 h6 7. Nd5 Nf6 8. c4
Nxd5 9. cxd5 Nd4 10. Nxe5 Bh4+ 11. g3 Bg5 12. Nf3 Nxf3+ 13. Qxf3 Qa5+ 14. Kd1
Bxc1 15. Kxc1 d6 16. Be2 O-O 17. f6 g6 18. Qf4 Qb6 19. Qxh6 Bd7 20. Qg7# 1-0

[Event "Nord-Est"]
[Site "?"]
[Date "2017.04.02"]
[Round "4"]
[White "Dazin, Nathan"]
[Black "Evrin, Selvam"]
[Result "0-1"]
[WhiteElo "1286"]
[BlackElo "1487"]
[PlyCount "80"]
[EventDate "2017.03.26"]
[SourceDate "2017.03.26"]

1. g3 g6 2. Bg2 Bg7 3. d3 c5 4. Be3 Bxb2 5. Bxc5 Bxa1 6. Nf3 Bg7 7. Qd2 Nc6 8.
Ng5 Nf6 9. d4 d6 10. Ba3 O-O 11. Qc3 Bd7 12. d5 Nxd5 13. Qc4 Nb6 14. Qb3 h6 15.
Nf3 Be6 16. Qe3 Nc4 17. Qd3 Qa5+ 18. Nfd2 N6e5 19. Qc3 Qxc3 20. Nxc3 Nxd2 21.
Kxd2 Nc4+ 22. Kd3 Nxa3 23. Bxb7 Rab8 24. Bd5 Bxd5 25. Nxd5 e6 26. Ne7+ Kh7 27.
Rd1 Rb6 28. Ke4 d5+ 29. Nxd5 exd5+ 30. Rxd5 Re8+ 31. Kd3 Rbb8 32. Ra5 Nb5 33.
c4 Rbd8+ 34. Kc2 Rxe2+ 35. Kb3 Nd4+ 36. Kb4 Nc6+ 37. Kb5 Nxa5 38. Kxa5 Rb8 39.
a4 Ra2 40. f4 Bc3+ 0-1

[Event "Nord-Est"]
[Site "?"]
[Date "2017.04.02"]
[Round "4"]
[White "Juppin, Angel"]
[Black "Eboué, Ihona"]
[Result "0-1"]
[WhiteElo "1009"]
[BlackElo "1140"]
[PlyCount "74"]
[EventDate "2017.03.26"]
[SourceDate "2017.03.26"]

1. e4 e5 2. Nf3 Nc6 3. Bc4 Bc5 4. O-O Nf6 5. d3 d6 6. Bg5 O-O 7. Nbd2 Bd7 8.
Bh4 Qe7 9. Ng5 Ng4 10. Qf3 Be6 11. Bxe6 fxe6 12. Qxg4 Rfe8 13. Qh5 h6 14. Qg6
Kf8 15. Nb3 Qf6 16. Rae1 Qxg6 17. Nxc5 dxc5 18. Rd1 Nb4 19. c3 Nxa2 20. d4 exd4
21. cxd4 hxg5 22. dxc5 gxh4 23. g3 Qxe4 24. gxh4 Qxh4 25. Rd2 Qg5+ 26. Kh1 Qxd2
27. Rg1 Qd5+ 28. Rg2 Rad8 29. h3 Qe4 30. Kh2 Qxg2+ 31. Kxg2 Rd2 32. Kg3 Red8
33. Kf3 R8d5 34. Ke3 Rxb2 35. f4 Rxc5 36. Kf3 Rb4 37. Kg4 Rf5 0-1

[Event "Nord-Est"]
[Site "?"]
[Date "2017.04.02"]
[Round "4"]
[White "Houwenaghel, Maxime"]
[Black "Carballar, Eric"]
[Result "1-0"]
[WhiteElo "1010"]
[BlackElo "1330"]
[PlyCount "119"]
[EventDate "2017.03.26"]
[SourceDate "2017.03.26"]

1. e4 e5 2. Nf3 Nc6 3. d4 d6 4. Nc3 Bg4 5. Be3 Qf6 6. Bb5 Bd7 7. Nd5 Qd8 8. Qd2
Nce7 9. Bxd7+ Qxd7 10. Nxe7 Bxe7 11. O-O-O Nf6 12. Qb4 b6 13. dxe5 d5 14. Qd4
Nxe4 15. Rhf1 c5 16. Qd3 c4 17. Qd4 Bc5 18. Qxe4 dxe4 19. Rxd7 Kxd7 20. Rd1+
Ke7 21. Bxc5+ bxc5 22. Rd5 Rac8 23. Ng5 Rhd8 24. Rxd8 Rxd8 25. Nxe4 Rd5 26. f4
Ke6 27. Ng5+ Kf5 28. g3 Kg4 29. Ne4 Kh3 30. Nc3 Rd8 31. Nb5 a5 32. Nd6 c3 33.
Nxf7 cxb2+ 34. Kxb2 Rb8+ 35. Kc3 Rb4 36. e6 Re4 37. Ng5+ Kxh2 38. Nxe4 h5 39.
e7 Kg2 40. e8=Q Kf3 41. Ng5+ Kxg3 42. Qxh5 Kxf4 43. Ne6+ Ke4 44. Nxg7 c4 45.
Kxc4 Ke3 46. Qd5 Ke2 47. Kc3 a4 48. Qd2+ Kf3 49. Kd3 a3 50. c4 Kg4 51. Qf2 Kg5
52. Ke4 Kg6 53. Ne8 Kg5 54. c5 Kg4 55. Qg1+ Kh5 56. Kf4 Kh6 57. Kf5 Kh7 58. Kf6
Kh8 59. Kf7 Kh7 60. Qh2# 1-0

[Event "Nord-Est"]
[Site "?"]
[Date "2017.04.02"]
[Round "4"]
[White "Bremond, Pierre"]
[Black "Houry, Emmanuel"]
[Result "0-1"]
[WhiteElo "1220"]
[BlackElo "1399"]
[PlyCount "43"]
[EventDate "2017.03.26"]
[SourceDate "2017.03.26"]

1. d4 d5 2. c4 dxc4 3. Nc3 Nc6 4. e3 e5 5. d5 Nce7 6. Bxc4 Nf6 7. e4 Ng6 8. Qd3
Ng4 9. Nf3 Qe7 10. O-O Qf6 11. Bg5 Qb6 12. Bb5+ Bd7 13. Bxd7+ Kxd7 14. Qb5+ c6
15. dxc6+ bxc6 16. Rfd1+ Kc7 17. Qc4 Be7 18. Nd5+ Kb7 19. Nxb6 axb6 20. Rd7+
Kc8 21. Qxc6+ Kb8 22. Qc7# 0-1

[Event "Nord-Est"]
[Site "?"]
[Date "2017.04.02"]
[Round "4"]
[White "Eboué, Yuri"]
[Black "Leccia, Antoine"]
[Result "0-1"]
[WhiteElo "1220"]
[BlackElo "1399"]
[PlyCount "64"]
[EventDate "2017.03.26"]
[SourceDate "2017.03.26"]

1. e4 e6 2. Nf3 d5 3. exd5 exd5 4. Qe2+ Qe7 5. Qxe7+ Bxe7 6. d4 Bf5 7. c3 Nf6
8. Nbd2 Bd6 9. Be2 O-O 10. O-O Re8 11. Nh4 Be4 12. Bf3 Bxf3 13. Ndxf3 Nbd7 14.
Bg5 Re2 15. b4 Rae8 16. Nf5 Bf8 17. Ne3 Ne4 18. Rfc1 c6 19. a4 Rxf2 20. Nd1 Re2
21. Kf1 Nxg5 22. Nxg5 Re1+ 23. Kf2 R8e2+ 24. Kf3 h6 25. Nh3 Bd6 26. Nf4 Bxf4
27. Kxf4 Rf1+ 28. Kg3 Nf6 29. h3 Ne4+ 30. Kh2 Ree1 31. g3 Re2+ 32. Nf2 Rexf2#
0-1

[Event "Nord-Est"]
[Site "?"]
[Date "2017.04.02"]
[Round "4"]
[White "Vanwaescappel, Vincent"]
[Black "Léonardy, Batiste"]
[Result "0-1"]
[WhiteElo "1099"]
[BlackElo "1142"]
[PlyCount "88"]
[EventDate "2017.03.26"]
[SourceDate "2017.03.26"]

1. e4 e5 2. Nf3 Nc6 3. Bc4 Bc5 4. Ng5 Qxg5 5. d4 Qxg2 6. Rf1 Nxd4 7. Be2 d5 8.
Be3 Qxe4 9. Bxd4 Bxd4 10. c3 Bb6 11. f3 Qh4+ 12. Kd2 Bh3 13. Rh1 Bg2 14. Re1
Qf4+ 15. Kc2 O-O-O 16. Na3 d4 17. Qd3 e4 18. Qc4 d3+ 19. Bxd3 Rxd3 20. Rxe4
Qd2+ 21. Kb3 Nf6 22. Re7 Bxf3 23. Nb5 Bd5 24. Rxf7 Bxc4+ 25. Kxc4 Ne8 26. Rff1
Nd6+ 27. Nxd6+ cxd6 28. Rfd1 d5+ 29. Kb3 Qxd1+ 30. Rxd1 Rxd1 31. a4 a5 32. h4
Bf2 33. h5 Kc7 34. c4 dxc4+ 35. Kxc4 Kc6 36. b4 b6 37. b5+ Kd6 38. Kc3 Rc8+ 39.
Kb3 Bd4 40. Ka3 Rd3+ 41. Ka2 Rc2+ 42. Kb1 Rh2 43. Kc1 Rg3 44. Kd1 Rg1# 0-1

[Event "Nord-Est"]
[Site "?"]
[Date "2017.04.02"]
[Round "4"]
[White "Mohamed, Kéziah"]
[Black "Muller, Sébastien"]
[Result "0-1"]
[WhiteElo "1010"]
[BlackElo "1431"]
[PlyCount "130"]
[EventDate "2017.03.26"]
[SourceDate "2017.03.26"]

1. e4 c5 2. Nf3 g6 3. d4 Bg7 4. Nc3 Nf6 5. Bb5 Qa5 6. Bd2 cxd4 7. Nxd4 O-O 8.
O-O a6 9. a4 axb5 10. axb5 Qxa1 11. Qxa1 Rxa1 12. Rxa1 e5 13. Nf3 d6 14. Ra8
Nbd7 15. Bg5 Nb6 16. Ra7 h6 17. Bxf6 Bxf6 18. Ra3 Nc4 19. Ra2 Be6 20. b3 Nb6
21. Nd2 Bg5 22. Nf3 Be7 23. Ra7 Ra8 24. Rxa8+ Nxa8 25. b4 Nc7 26. b6 Na6 27. b5
Nc5 28. Nd5 Bxd5 29. exd5 Nd7 30. Nd2 Nxb6 31. Ne4 Nxd5 32. c4 Nb6 33. g3 Nxc4
34. Kg2 d5 35. Nc3 Nb6 36. f4 e4 37. Kf2 f5 38. Ke3 Bc5+ 39. Ke2 d4 40. Nd1 Nd5
41. Kd2 Bb4+ 42. Kc2 Ne3+ 43. Nxe3 dxe3 44. Kd1 Bd2 45. h3 Kf7 46. Ke2 Ke6 47.
b6 Kd6 48. g4 Kc6 49. gxf5 gxf5 50. h4 Kxb6 51. h5 Kc5 52. Kf1 Kc4 53. Ke2 Kc3
54. Kd1 b5 55. Ke2 b4 56. Kf1 Kd3 57. Kg2 e2 58. Kh3 e1=Q 59. Kg2 Qe2+ 60. Kg3
Qf3+ 61. Kh2 Bxf4+ 62. Kg1 Qd1+ 63. Kf2 e3+ 64. Kg2 Qe2+ 65. Kh3 Qg4# 0-1

[Event "Nord-Est"]
[Site "?"]
[Date "2017.04.02"]
[Round "4"]
[White "Siffert, Arman"]
[Black "Play, Gilles"]
[Result "1-0"]
[WhiteElo "1307"]
[BlackElo "1624"]
[PlyCount "57"]
[EventDate "2017.03.26"]
[SourceDate "2017.03.26"]

1. e4 e5 2. Nf3 Nc6 3. Bc4 Nf6 4. d3 Be7 5. c3 d6 6. O-O Na5 7. Bb5+ c6 8. Ba4
b5 9. Bc2 O-O 10. Bg5 Nb7 11. h3 Qc7 12. Re1 Nd8 13. Nbd2 Ne6 14. Nf1 Nxg5 15.
Nxg5 h6 16. Nf3 Be6 17. Ne3 Rfd8 18. Qe2 Qc8 19. Rad1 Nh5 20. Bb3 Nf4 21. Qd2
Bxh3 22. gxh3 Qxh3 23. Nh2 Bg5 24. f3 Qh4 25. Rf1 Nh3+ 26. Kh1 Bf4 27. Nf5 Qh5
28. Qg2 g5 29. Qg4 1-0

[Event "Nord-Est"]
[Site "?"]
[Date "2017.04.02"]
[Round "4"]
[White "Eric -Andrianna, Fitia "]
[Black "Padre, Maxime"]
[Result "0-1"]
[WhiteElo "1278"]
[BlackElo "1307"]
[Annotator "User,Windows"]
[PlyCount "104"]
[EventDate "2017.03.26"]
[SourceDate "2017.03.26"]

1. e4 c6 2. Nf3 d5 3. Nc3 dxe4 4. Nxe4 Bf5 5. Nc3 Nf6 6. Bc4 e6 7. d4 Be7 (7...
Bd6) 8. Bf4 O-O 9. O-O Nbd7 10. h3 b5 11. Bd3 Bxd3 12. Qxd3 Nb6 13. Ne4 Nxe4
14. Qxe4 Qd5 15. Qxd5 cxd5 16. b3 Rac8 17. Ne1 Bb4 18. Rc1 Bc3 19. Bd6 Rfe8 20.
Be5 Rc7 21. Bd6 Rc6 22. Bc5 a5 23. Nd3 Nd7 24. Rfd1 Nxc5 25. dxc5 b4 26. g4 Rc7
27. Kh1 Bd4 28. c4 bxc3 29. f4 Bxc5 30. Rxc3 Rec8 31. Rdc1 Bb6 32. Rxc7 Rxc7
33. Rxc7 Bxc7 34. f5 e5 35. Kg2 Bd6 36. Kf3 e4+ 37. Ke3 exd3 38. Kxd3 Bc5 39.
Kc3 d4+ 40. Kb2 Kf8 41. a3 Ke7 42. b4 axb4 43. a4 d3 44. a5 Kd6 45. h4 Kd5 46.
h5 Ke4 47. Kc1 Ke3 48. Kd1 b3 49. Kc1 d2+ 50. Kd1 Kd3 51. a6 b2 52. a7 b1=R#
0-1

[Event "Nord-Est"]
[Site "?"]
[Date "2017.04.02"]
[Round "4"]
[White "Travers, Christophe"]
[Black "Triton, Maxime"]
[Result "0-1"]
[WhiteElo "1841"]
[BlackElo "1644"]
[PlyCount "120"]
[EventDate "2017.03.26"]
[SourceDate "2017.03.26"]

1. d4 Nf6 2. c4 g6 3. Nc3 Bg7 4. e4 d6 5. Nf3 O-O 6. Be2 e5 7. dxe5 dxe5 8. Bg5
Nbd7 9. O-O h6 10. Bh4 g5 11. Bg3 Nh5 12. Qc2 c6 13. Rad1 Qe7 14. Bxe5 Nxe5 15.
Nxe5 Qxe5 16. Bxh5 g4 17. Bxf7+ Rxf7 18. Rd8+ Rf8 19. Rfd1 Be6 20. Rxa8 Rxa8
21. Qe2 Rf8 22. Qe3 Qf4 23. Qxa7 Be5 24. g3 Qf3 25. Qe3 Bxc3 26. Qxf3 Rxf3 27.
bxc3 Rxc3 28. Rd8+ Kf7 29. Rb8 Rc1+ 30. Kg2 Rb1 31. f4 gxf3+ 32. Kxf3 Bxc4 33.
a4 Kf6 34. Kf4 Ba6 35. e5+ Ke6 36. Re8+ Kf7 37. Rh8 Kg7 38. Rd8 Kf7 39. Rd7+
Ke8 40. Rh7 Rb4+ 41. Ke3 Rxa4 42. Rxh6 Ke7 43. Rf6 Bc4 44. h4 Bd5 45. Rh6 Re4+
46. Kd3 Rg4 47. Rh7+ Bf7 48. Ke3 Rxg3+ 49. Kf4 Rg1 50. h5 Rh1 51. h6 Ke6 52.
Kg5 Rg1+ 53. Kf4 Rg8 54. Ke3 c5 55. Kf4 b5 56. Ke3 b4 57. Kd2 c4 58. Kc1 c3 59.
Rg7 Rxg7 60. hxg7 Kxe5 0-1

[Event "Nord-Est"]
[Site "?"]
[Date "2017.04.02"]
[Round "4"]
[White "Laoussing, Stéphane"]
[Black "Leccia, Thomas"]
[Result "0-1"]
[WhiteElo "1330"]
[BlackElo "1231"]
[PlyCount "104"]
[EventDate "2017.03.26"]
[SourceDate "2017.03.26"]

1. c4 e6 2. Nc3 Nf6 3. e4 Bb4 4. Nf3 Bxc3 5. bxc3 Nxe4 6. Qe2 Nf6 7. d4 O-O 8.
Bg5 Nc6 9. Rd1 Re8 10. Rd3 h6 11. Bh4 d5 12. c5 b6 13. Ne5 Nb8 14. Qd2 Ne4 15.
Bxd8 Nxd2 16. Rxd2 bxc5 17. Bxc7 cxd4 18. cxd4 Nd7 19. Bb5 Re7 20. Bc6 Nxe5 21.
Bxa8 Rxc7 22. dxe5 Ba6 23. Rb2 Rc1+ 24. Kd2 Rxh1 25. h3 Rh2 26. Rb8+ Kh7 27.
Bb7 Bc4 28. Rf8 Kg6 29. Ke3 Rxg2 30. Bc6 Rg5 31. f4 Rg3+ 32. Kd4 Rf3 33. a4
Rxf4+ 34. Kc5 Bb3 35. Be8 Bxa4 36. Bxa4 Rxa4 37. Kb5 Re4 38. Ra8 Rxe5 39. Rxa7
f5 40. Ra4 Re4 41. Ra3 f4 42. Kc5 Re3 43. Ra4 Kg5 44. Kd6 h5 45. Ke7 f3 46. Ra1
d4 47. Rg1+ Kh4 48. Kf7 d3 49. Kxg7 d2 50. Rd1 f2 51. Rf1 Re1 52. Rxf2 d1=Q 0-1

[Event "Nord-Est"]
[Site "?"]
[Date "2017.04.02"]
[Round "4"]
[White "Dace, Emeric"]
[Black "Chabas, Alain"]
[Result "1-0"]
[WhiteElo "1618"]
[BlackElo "1810"]
[PlyCount "91"]
[EventDate "2017.03.26"]
[SourceDate "2017.03.26"]

1. Nf3 Nc6 2. b3 d5 3. Bb2 Bf5 4. g3 Nf6 5. Bg2 e6 6. d3 Bc5 7. Nbd2 O-O 8. O-O
Re8 9. a3 e5 10. b4 Bd6 11. c4 d4 12. Re1 Qd7 13. Ng5 h6 14. Nge4 Nxe4 15. Nxe4
Bh3 16. Bc1 Bxg2 17. Kxg2 Qg4 18. Bxh6 f5 19. Nxd6 cxd6 20. Bd2 f4 21. e3 Qxd1
22. Raxd1 fxe3 23. fxe3 Kf7 24. Rf1+ Ke6 25. e4 Rh8 26. Rf2 Raf8 27. Rdf1 Rxf2+
28. Rxf2 Nd8 29. h3 Nf7 30. g4 g5 31. Rf5 Rg8 32. Kg3 b6 33. a4 Ke7 34. h4
gxh4+ 35. Kxh4 Rh8+ 36. Rh5 Rg8 37. g5 Nh8 38. Rh7+ Nf7 39. Kh5 Rh8 40. g6
Rxh7+ 41. gxh7 Kf6 42. Bh6 Nh8 43. Bf8 Ke6 44. Kh6 Nf7+ 45. Kg7 a6 46. Bxd6 1-0

[Event "Nord-Est"]
[Site "?"]
[Date "2017.04.02"]
[Round "4"]
[White "Mercadal, Théo"]
[Black "Ethève, Lionel"]
[Result "1-0"]
[WhiteElo "1633"]
[BlackElo "1565"]
[PlyCount "105"]
[EventDate "2017.03.26"]
[SourceDate "2017.03.26"]

1. c4 Nf6 2. Nc3 g6 3. g3 Bg7 4. Bg2 Nc6 5. Nf3 e5 6. O-O O-O 7. d3 d6 8. h3
Be6 9. e3 Qd7 10. Ng5 h6 11. Nxe6 Qxe6 12. Nd5 Qd7 13. Kh2 Rfb8 14. Qe2 Nxd5
15. Bxd5 Ne7 16. Bg2 c6 17. Bd2 e4 18. Bxe4 Bxb2 19. Rab1 Bg7 20. d4 d5 21. Bg2
Qe6 22. cxd5 Nxd5 23. Qd3 Nb6 24. Qb3 Nd5 25. Rfc1 Qd7 26. Qd3 Bf8 27. Rb3 Bd6
28. e4 Nb6 29. Bxh6 Rd8 30. Be3 Be5 31. Rd1 Bc7 32. Bg5 Re8 33. d5 cxd5 34.
exd5 Re5 35. Bf4 Rf5 36. d6 Bd8 37. Rbb1 Rc8 38. Rbc1 Rcc5 39. Rxc5 Rxc5 40.
Rc1 Rxc1 41. Bxc1 Nc8 42. Ba3 Bc7 43. Bxb7 Bxd6 44. Bxc8 Bxg3+ 45. Qxg3 Qxc8
46. Kg2 Qc6+ 47. Qf3 Qe6 48. Bb2 f5 49. Qa8+ Kf7 50. Qxa7+ Ke8 51. Qe3 Kd7 52.
Qxe6+ Kxe6 53. h4 1-0

[Event "Nord-Est"]
[Site "?"]
[Date "2017.04.02"]
[Round "4"]
[White "Andriana, Tombo Omar"]
[Black "Laoussing, Mathis"]
[Result "1-0"]
[WhiteElo "1278"]
[BlackElo "1285"]
[PlyCount "59"]
[EventDate "2017.03.26"]
[SourceDate "2017.03.26"]

1. d4 Nf6 2. Bf4 d5 3. Nd2 Bf5 4. Ngf3 Nc6 5. c3 e6 6. Ne5 Nxe5 7. Bxe5 Bd6 8.
Nf3 O-O 9. e3 c5 10. Be2 Ne4 11. Bxd6 Nxd6 12. dxc5 Ne4 13. Nd4 Bg6 14. c6 bxc6
15. Nxc6 Qc7 16. Nd4 Rab8 17. Nb3 Qe7 18. O-O Qg5 19. Qd4 Bf5 20. Qxa7 Bh3 21.
Bf3 Rxb3 22. axb3 Nd2 23. Kh1 Nxf3 24. gxh3 Qh4 25. Kg2 Ng5 26. f3 Qxh3+ 27.
Kh1 Nxf3 28. Rf2 Ng5 29. Qc7 Ne4 30. Qxf7+ 1-0

[Event "Nord-Est"]
[Site "?"]
[Date "2017.04.02"]
[Round "5"]
[White "Philips, Liam"]
[Black "Houwenaghel, Maxime"]
[Result "0-1"]
[WhiteElo "1009"]
[BlackElo "1010"]
[Annotator "User,Windows"]
[PlyCount "30"]
[EventDate "2017.03.26"]
[SourceDate "2017.03.26"]

1. e4 e5 2. Qe2 Nf6 3. d3 d5 4. Be3 d4 5. Nc3 dxe3 6. O-O-O exf2 7. Qxf2 Bg4 8.
d4 Bxd1 9. Kxd1 exd4 10. Bb5+ c6 11. Qd2 dxc3 12. bxc3 cxb5 13. Qxd8+ Kxd8 14.
Nf3 Nxe4 15. Ke2 Bc5 {2ème coup illégal} 0-1

[Event "Nord-Est"]
[Site "?"]
[Date "2017.04.02"]
[Round "5"]
[White "Vanwalscappel, Vincent"]
[Black "Attoumani, Julien"]
[Result "1-0"]
[WhiteElo "1099"]
[BlackElo "1009"]
[PlyCount "107"]
[EventDate "2017.03.26"]
[SourceDate "2017.03.26"]

1. e4 e5 2. Nf3 Bb4 3. Nxe5 Qe7 4. Nd3 Qxe4+ 5. Qe2 Qxe2+ 6. Bxe2 Bxd2+ 7. Bxd2
Nf6 8. Ne5 d6 9. Nf3 Ne4 10. Be3 Nc6 11. Bd3 Nc5 12. Bxc5 dxc5 13. O-O c4 14.
Bxc4 Nd4 15. Re1+ Kf8 16. Nc3 Nxc2 17. Rad1 Nxe1 18. Nxe1 Be6 19. Bxe6 fxe6 20.
Nb5 Ke7 21. Nxc7 Rad8 22. Rxd8 Rxd8 23. Kf1 Kd6 24. Nb5+ Kc6 25. Nxa7+ Kb6 26.
a4 Kxa7 27. b4 Rd5 28. a5 b6 29. axb6+ Kxb6 30. f4 Kb5 31. g4 Kxb4 32. Nf3 Rd1+
33. Ke2 Rh1 34. h4 Rc1 35. g5 Rc2+ 36. Kd3 Rc5 37. h5 Rc1 38. Nh4 Rd1+ 39. Ke2
Rd4 40. g6 Rxf4 41. gxh7 Rxh4 42. h8=Q Re4+ 43. Kf3 Re5 44. Qxg7 Rf5+ 45. Kg4
Kc4 46. h6 Rd5 47. h7 Rd4+ 48. Kf3 Rd3+ 49. Ke2 e5 50. h8=Q e4 51. Qgh7 e3 52.
Qc7+ Kb5 53. Qhb8+ Ka6 54. Qca7# 1-0

[Event "Nord-Est"]
[Site "?"]
[Date "2017.04.02"]
[Round "5"]
[White "Ebouyé, Ihona"]
[Black "Eric Andriana, Fitia"]
[Result "0-1"]
[WhiteElo "1140"]
[BlackElo "1278"]
[PlyCount "100"]
[SourceDate "2017.03.26"]

1. e4 c5 2. Nc3 b6 3. Bc4 e6 4. Nf3 Bb7 5. d4 Bd6 6. Be3 Qc7 7. Qd2 Ne7 8.
O-O-O O-O 9. d5 exd5 10. exd5 Nf5 11. Qd3 Nxe3 12. Qxe3 Bf4 13. Rhe1 Bxe3+ 14.
Rxe3 Na6 15. d6 Qc8 16. Re7 Nb4 17. Kb1 Bxf3 18. gxf3 Nc6 19. Bd5 Nxe7 20. dxe7
Re8 21. Bxa8 Rxe7 22. Be4 Qe8 23. b3 f5 24. Bxf5 Re1 25. Rxe1 Qxe1+ 26. Kb2 d5
27. Nxd5 Qe5+ 28. Ka3 Qxd5 29. Be4 Qd6 30. Bd3 c4+ 31. Kb2 cxd3 32. cxd3 Qxd3
33. f4 Qf3 34. Ka3 Qxf4 35. b4 Qd6 36. Ka4 Qc6+ 37. Kb3 a5 38. bxa5 Qb5+ 39.
Kc2 Qxa5 40. Kb2 Qd2+ 41. Ka3 Qxf2 42. Ka4 Qxa2+ 43. Kb5 Qb2+ 44. Ka6 b5 45.
Kb6 b4 46. Kb5 b3 47. Kb4 Qc2 48. Kb5 b2 49. Kb4 b1=Q+ 50. Ka5 Qca2# 0-1

[Event "Nord-Est"]
[Site "?"]
[Date "2017.04.02"]
[Round "5"]
[White "Alfonsi, Romain"]
[Black "Brémond, Pierre"]
[Result "0-1"]
[WhiteElo "1160"]
[BlackElo "1490"]
[PlyCount "46"]
[SourceDate "2017.03.26"]

1. e4 c5 2. Nc3 Nc6 3. Nf3 d6 4. Bc4 g6 5. O-O Bg7 6. d3 Nf6 7. Be3 O-O 8. Bh6
Bxh6 9. Re1 Bg4 10. h3 Bxf3 11. Qxf3 Ne5 12. Qg3 Nh5 13. Qh2 Bf4 14. g3 Nf3+
15. Kg2 Nxh2 16. Kxh2 Bd2 17. Re2 Bxc3 18. bxc3 Nf6 19. Rb1 Qd7 20. Bb5 Qc7 21.
d4 a6 22. Bd3 c4 23. e5 cxd3 0-1

[Event "Nord-Est"]
[Site "?"]
[Date "2017.04.02"]
[Round "5"]
[White "Leccia, Thomas"]
[Black "Chabas, Alain"]
[Result "1-0"]
[WhiteElo "1399"]
[BlackElo "1810"]
[PlyCount "75"]
[SourceDate "2017.03.26"]

1. e4 e5 2. Nf3 d6 3. Bc4 Be7 4. Nc3 Nf6 5. h3 O-O 6. O-O Nc6 7. d3 Na5 8. Bb3
Nxb3 9. axb3 c6 10. Bd2 Ne8 11. d4 exd4 12. Nxd4 f5 13. f3 f4 14. Re1 Bh4 15.
Re2 Qg5 16. Kh1 Bg3 17. Be1 Rf6 18. e5 dxe5 19. Ne4 Qh4 20. Nxf6+ Nxf6 21. Bxg3
Qxg3 22. Rxe5 Bxh3 23. gxh3 Qxh3+ 24. Kg1 Qg3+ 25. Kf1 Nd5 26. Nf5 Qh3+ 27. Ke1
Rd8 28. Ne7+ Kf8 29. Nxd5 Qh1+ 30. Kd2 Qg2+ 31. Kc1 cxd5 32. Rxd5 Re8 33. Rd8
Qf2 34. Qd6+ Kf7 35. Qxf4+ Ke7 36. Qd6+ Kf7 37. Qd7+ Re7 38. Qf5# 1-0

[Event "Nord-Est"]
[Site "?"]
[Date "2017.04.02"]
[Round "5"]
[White "Laoiussing, Mathis"]
[Black "Laoiussing, Stéphane"]
[Result "1-0"]
[WhiteElo "1285"]
[BlackElo "1330"]
[PlyCount "63"]
[SourceDate "2017.03.26"]

1. d3 d5 2. g3 Nf6 3. Bg2 Bf5 4. Nd2 e5 5. e4 Bg4 6. Ne2 d4 7. h3 Bh5 8. g4 Bg6
9. f4 exf4 10. Nxf4 Qd6 11. Nc4 Qb4+ 12. Bd2 Qb5 13. a4 Qc5 14. e5 Nfd7 15.
Bxb7 Nxe5 16. Nxe5 Qxe5+ 17. Qe2 Bd6 18. Qxe5+ Bxe5 19. Bxa8 c6 20. Nxg6 fxg6
21. Bb4 Kd7 22. Rf1 Re8 23. O-O-O Na6 24. Rf8 Nxb4 25. Rxe8 Kxe8 26. Re1 Kd7
27. Rxe5 Kd6 28. Re4 Kc5 29. Kd2 Nd5 30. c3 dxc3+ 31. bxc3 Nc7 32. Rc4+ 1-0

[Event "Nord-Est"]
[Site "?"]
[Date "2017.04.02"]
[Round "5"]
[White "Triton, Maxime"]
[Black "Andriandaza, Tombo Omar"]
[Result "0-1"]
[WhiteElo "1644"]
[BlackElo "1694"]
[PlyCount "56"]
[SourceDate "2017.03.26"]

1. e4 g6 2. d4 Bg7 3. Nc3 d6 4. Be3 Nd7 5. Qd2 a6 6. Nf3 b6 7. Bd3 Bb7 8. O-O-O
c6 9. Rhe1 Qc7 10. Kb1 b5 11. Bf4 e6 12. Bf1 Ne7 13. Bg5 Nb6 14. Bxe7 Qxe7 15.
d5 cxd5 16. exd5 e5 17. a3 O-O 18. Qe3 Qc7 19. Ng5 Bc8 20. Na2 Nc4 21. Bxc4
bxc4 22. Ne4 a5 23. Nac3 Bd7 24. Qg5 f5 25. Ng3 Rab8 26. Nce2 Qb6 27. Qc1 Bh6
28. f4 exf4 0-1